Sommer-transfers 2022 - Statistiken

Allgemein
  • Dieses Quiz wurde 392 mal gespielt
  • Das Durchschnittsergebnis liegt bei 10 aus 15
Antwortstatistiken
Hint Antwort % Korrekt
Bvb-manchester city Haaland
98%
Bayern-Bvb Süle
96%
Freiburg-Bvb Schlotterbeck
93%
Salzburg-Bvb Adeyemi
88%
Gladbach-Freiburg Ginter
83%
Chelsea-Real Madrid Rüdiger
83%
Ajax-Bayern Mazraoui
66%
Barcelona-Aston Villa Coutinho
60%
Neapel-Toronto Insigne
58%
Arsenal-Olympique Lyon Lacazette
53%
Sparta Prag-Leverkusen Hlozek
50%
Inter-Tottenham Perisic
47%
Sevilla-Aston Villa Diego Carlos
35%
Salzburg-Leeds Aaronson
23%
Marseille-Aston Villa Kamara
21%
Keine übereinstimmenden Quizze gefunden
Verteilung der Resultate
Anzahl Personen mit jedem Resultat
Perzentil nach korrekt beantworteten Fragen
Ihre Resultats-Entwicklung
Sie haben dieses Quiz noch nicht gespielt